000 00328nam a22001457a 4500
008 250709b ||||| |||| 00| 0 eng d
020 _a9781471156267
041 _aENG
080 _22016
_a001
082 _a001
100 _a1
101 _aGJUHE DHE LETERSI
245 _aIT ENDS WITH UN
_cCOLLEEN HOOVER
942 _2udc
_cBK
999 _c60730
_d60730